| 000 | 00382nam a2200169Ia 4500 | ||
|---|---|---|---|
| 008 | 210210b1946 xxu||||| |||| 00| 0 eng d | ||
| 041 | _aeng | ||
| 082 | _a539/33 | ||
| 100 | _aGAMOW (George) | ||
| 245 | _aBiography of the earth | ||
| 260 |
_aNew York _bViking Press _c1946 |
||
| 300 | _a242 | ||
| 650 | _aearth | ||
| 650 | _aBiography | ||
| 690 | _aPhysics | ||
| 906 | _a009049 | ||
| 999 |
_c127798 _d127798 |
||